Quiz sur les Animaux à Trois Lettres - Statistiques

Statistiques générales
  • Ce quiz a été pris 193 fois
  • Le résultat moyen est 6 sur 18
Statistiques - réponses
Animale % Correct
Rat
70%
Oie
57%
Pie
54%
Âne
52%
Coq
51%
Boa
49%
Pou
46%
Ver
46%
Ara
40%
Bar
27%
Yak
23%
Sar
10%
Saï
7%
Mue
6%
Ure
6%
Rut
5%
Vol
5%
Leu
4%
Aucun quiz correspondant
Distribution des résultats
% des personnes avec chaque résultat
Percentile par nombre de réponses
Votre historique - résultats
Vous n’avez pas pris ce quiz